| 000 | 01222cam a2200337 a 4500 | ||
|---|---|---|---|
| 999 |
_c329995 _d329995 |
||
| 001 | 12829169 | ||
| 003 | NUST | ||
| 005 | 20180117090027.0 | ||
| 008 | 020620s2003 maua b 001 0 eng | ||
| 010 | _a 2002009821 | ||
| 020 | _a0632059389 | ||
| 035 | _a(DNLM)101148251 | ||
| 040 |
_aDNLM/DLC _cDLC _dDLC |
||
| 042 | _apcc | ||
| 050 | 0 | 0 |
_aRC531 _b.A6118 2003 |
| 060 | 1 | 0 |
_aWM 172 _bA63719 2002 |
| 082 | 0 | 0 |
_a616.85/223 _221 |
| 245 | 0 | 0 |
_aAnxiety disorders comorbid with depression: panic disorder and agoraphobia _cDavid Nutt |
| 260 |
_aUK _bLundbeck Institute _c2002. |
||
| 300 |
_a111 p. : _bill. ; _c18 cm. |
||
| 504 | _aIncludes bibliographical references and index. | ||
| 650 | 0 |
_aAnxiety. _91920 |
|
| 650 | 1 | 2 |
_aAnxiety Disorders. _91921 |
| 650 | 2 | 2 |
_aAnxiety Disorders _xdrug therapy. _91922 |
| 700 | 1 |
_aNutt, David J., _d1951- _91923 |
|
| 700 | 1 |
_aBallenger, James C. _91924 |
|
| 906 |
_a7 _bcbc _corignew _d1 _eecip _f20 _gy-gencatlg |
||
| 942 |
_2ddc _cBK |
||